Akhirnya aku insaf

Bibliographic Details
Format: Book
Published: K.L : synergymedia , 2010
Series:Fiksi remaja islam
Subjects:

MARC

LEADER 00000cam a2200000 7i4500
001 0000037422
005 20151222.0
008 131002
020 |a 9673719754 
090 0 0 |a MOR   |b MAL 
245 1 0 |a Akhirnya aku insaf 
260 |a K.L :   |b synergymedia ,   |c 2010 
440 0 |a Fiksi remaja islam 
500 |a Children ages 10-12 years old (pink) 
650 0 |a Juv.literature. 
999 |a 0001240200   |b Book   |c Children Collection   |e Cawangan Pontian 
999 |a 0001240203   |b Book   |c Children Collection   |e Cawangan Tmn. Ungku Tun Aminah 
999 |a 0001240204   |b Book   |c Children Collection   |e Cawangan Bandar Penawar 
999 |a 0001240208   |b Book   |c Children Collection   |e Cawangan Segamat 
999 |a 0001240209   |b Book   |c Children Collection   |e Cawangan Mersing 
999 |a 0001240956   |b Book   |c Teenagers   |e Perbadanan Perpustakaan Awam Johor 
999 |a 0001240957   |b Book   |c Children Collection   |e Perbadanan Perpustakaan Awam Johor 
999 |a 0001240958   |b Book   |c Adult Collection   |e Perbadanan Perpustakaan Awam Johor 
999 |a 0001244064   |b Book   |c Children Collection   |e Perbadanan Perpustakaan Awam Johor